1992 AFL Premiership Team - Statistics

General Stats
  • This quiz has been taken 12 times
  • The average score is 15 of 22
Answer Stats
Hint Answer % Correct
Half Forward Flank Chris Mainwaring
100%
Half Back Flank John Worsfold
100%
Coach Mick Malthouse
100%
Wing Peter Matera
100%
Full Forward Peter Sumich
100%
Team West Coast Eagles
100%
Centre Dean Kemp
83%
Centre Half Back Glen Jackovich
83%
Forward Pocket Ashley McIntosh
67%
Interchange Brett Heady
67%
Half Forward Flank Chris Lewis
67%
Back Pocket Don Pyke
67%
Back Pocket Guy McKenna
67%
Full Back Michael Brennan
67%
Wing Chris Waterman
50%
Centre Half Forward Karl Langdon
50%
Half Back Flank Mitchell White
50%
Rover Tony Evans
50%
Ruck Paul Harding
33%
Interchange Peter Wilson
33%
Ruck Rover Craig Turley
17%
Forward Pocket Dwayne Lamb
17%
No matching quizzes found
Score Distribution
Percent of People with Each Score
Percentile by Number Answered
Your Score History
You have not taken this quiz